000 01730cam a22004814i 4500
003 PE-LiUPU
005 20250731173411.0
008 150706s2009 flu r 000 0 spa d
020 _a9780829748918
035 _a(Sirsi) i9780829748918
040 _aPE-LiUPU
_bspa
_cPE-LiUPU
_dPE-LiUPU
_erda
049 _aPRUA
082 0 4 _a262.7
_bB51
_221
100 1 _aBilezikian, Gilbert,
_eautor.
245 1 0 _aComunidad elemental :
_breivindicando la iglesia local como una comunidad unida /
_cGilbert Bilezikian.
264 1 _aMiami, Florida :
_bEditorial Vida,
_c2009.
300 _a239 páginas ;
_c22 centímetros
336 _atext
_2rdacontent
337 _aunmediated
_2rdamedia
338 _avolume
_2rdacarrier
505 0 _aSolo la comunidad es para siempre -- La unidad -- El ministerio -- El liderazgo -- "Salto al vacío" hermenéutico: la subordinación en la deidad.
526 _aSEG42
526 _aSEG41
526 _aSEG40
526 _aSEG39
526 _aP94
526 _aP87
526 _aP86
526 _aP85
526 _aP77
526 _aP76
526 _aP35
541 _g001-0033881;
650 0 4 _aIglesia.
650 0 4 _aComunidades
_xCristianismo.
650 0 4 _aLiderazgo cristiano.
910 _agl
_cjck
_d20111115
942 _2ddc
_cBOOK
949 _a262.7 B51
_wDEWEY
_c1
_i63970
_lCCODEBUL1
_mBUL
_p13.00
_r0
_sY
_tBOOK
_u2015-7-6
_xTEOLOGIA
_PP35
_o.STAFF. Colección General
994 _aC0
_bPEPRU
596 _a1
999 _a262.7 B51
_wDEWEY
_c52818
_i63970
_f2021-11-10
_g5
_lCCODEBUL1
_mBUL
_p13.00
_r0
_sY
_tBOOK
_u2015-7-6
_xTEOLOGIA
_PP35
_o.STAFF. Colección Teología
_d52818
980 _81
_gALBERTO SANCHEZ Responsable de Automatización